| 000 | 00403nam a2200157Ia 4500 | ||
|---|---|---|---|
| 005 | 20250630014844.0 | ||
| 008 | 240331s9999 xx 000 0 und d | ||
| 020 | _a9789559573227 | ||
| 082 |
_bPUN _a070 |
||
| 245 | 0 | _aPunkalasa | |
| 260 |
_aColombo _bLake House publication _c2007 |
||
| 300 | _a236 p ., | ||
| 500 | _aA book on Silumina Academic Letter Series | ||
| 700 |
_aSilumina. _eedt |
||
| 942 | _cL | ||
| 999 |
_c5019 _d5019 |
||